PAM : segueixi les instruccions d'aquesta guia segueixi les instruccions d'aquesta guia
Publicado:
Barcelona :
Diputació de Barcelona. Àrea d'Espais Naturals. Oficina Tècnica de Prevenció Municipal d'Incendis Forestals, [20-- ?]
Descripción Física:
[12] p., 1 f. solt : il., quadres ; 34 cm
MARC
| LEADER | 00000nam a2200000Ia 4500 | ||
|---|---|---|---|
| 001 | 21308 | ||
| 008 | 160829s9999 xx 000 0 cat d | ||
| 080 | |a FU-36-41 | ||
| 245 | |a PAM : |b segueixi les instruccions d'aquesta guia | ||
| 260 | |a Barcelona : |b Diputació de Barcelona. Àrea d'Espais Naturals. Oficina Tècnica de Prevenció Municipal d'Incendis Forestals, [20-- ?] | ||
| 300 | |a [12] p., 1 f. solt : |b il., quadres ; |c 34 cm | ||
| 590 | |a Conté: Guia d'instruccions per al coordinador de voluntaris | ||
| 650 | |a Indendis forestals |x Prevenció i control |9 39023 | ||
| 650 | 0 | |a Incendis forestals |x Catalunya |9 30778 | |
| 710 | |a Barcelona (Catalunya : Província). |b Oficina Tècnica de Prevenció Municipal d'Incendis Forestals |9 9456 | ||
| 901 | |a Arxiu | ||
| 942 | |n 1 | ||
| 952 | |0 0 |1 0 |4 0 |6 FU3641 |7 1 |9 49995 |a Arxiu |b Arxiu |d 2016-12-01 |l 0 |o FU-36-41 |p 21308 |r 2016-12-01 00:00:00 |w 2016-12-01 |y ARXIU | ||
| 999 | |c 53837 |d 53837 | ||